000 00452nam a2200193Ia 4500
005 20240823050211.0
008 240823s9999||||xx |||||||||||||| ||und||
020 _a978-81-265-2994-0
041 _aENGLISH
082 _A515.2433 Q1
100 _aWalter Rudin
245 0 _aFourier Analysis on Groups
250 _a1st
260 _c2011
_b"CBS ,New york"
500 _aYES
650 _aAnalysis
_bMathematics
942 _cBK
999 _c216706
_d216706